000 00728nam a2200229Ia 4500
003 OSt
005 20220927104737.0
006 a|||||r|||| 00| 0
007 ta
008 220926b |||||||| |||| 00| 0 eng d
024 _a147823
037 _cReference Collections
040 _aRTL
_cRTL
_beng
041 _2eng
_aeng
082 _a"X8195.1.N8, M9/UN"
110 _a"UNITED NATIONS, TRADE AND DEVELOPMENT (Commission on-)"
_9367015
245 0 _aModel clauses on marine hall and cargo insurance
260 _c1989
700 _a"UNITED NATIONS, TRADE AND DEVELOPMENT (Commission on-)"
_9367016
942 _h"X8195.1.N8, M9/UN"
_cCC
999 _c688485
_d688485